|
|
|
|
| LEADER |
00000nab a2200000ua 4500 |
| 001 |
vtls010802536 |
| 003 |
SK-MaSNL |
| 005 |
20260303124134.0 |
| 008 |
230214s2006 xo |||||||||||||||||eng| |
| 035 |
|
|
|a (urnnbn)urn:nbn:sk:snk:ar-a03inv
|
| 035 |
|
|
|a (uuid)0306c368-c91d-42b0-b326-0843e70458e4
|
| 035 |
|
|
|a urn:nbn:sk:snk-ab5am0
|
| 040 |
|
|
|a SNKBUCL
|b slo
|c SNKBUCL
|e AACR2
|
| 041 |
0 |
|
|a eng
|
| 044 |
|
|
|a xo
|c SK
|
| 100 |
1 |
|
|a Tonkic, A.
|4 aut
|9 1140806
|
| 245 |
1 |
0 |
|a Diagnostics of Incomplete Brown-Sequard Syndrome caused by Meningococcal Myelitis
|c A. Tonkic, I. Jukic, I. Milas, K. Kolic, M. Titlic
|
| 700 |
1 |
|
|a Jukic, I.
|4 aut
|9 1140807
|
| 700 |
1 |
|
|a Milas, I.
|4 aut
|9 1140810
|
| 700 |
1 |
|
|a Kolic, K.
|4 aut
|9 1140811
|
| 700 |
1 |
|
|a Titlic, M.
|4 aut
|9 1139560
|
| 773 |
0 |
|
|t Bratislavské lekárske listy
|g Roč. 107, č. 8 (2006), s. 287-289
|
| 958 |
|
|
|a OND
|
| 958 |
|
|
|a EUIPO
|
| 958 |
|
|
|a article3
|
| 999 |
|
|
|c 1929290
|d 1931220
|